000
00316nam a2200133Ia 4500
005
20251222154335.0
008
251222s9999||||xx |||||||||||||| ||spa||
082
_a
823/W48
100
_a
West, Morris L.
245
0
_a
El Verano del Lobo Rojo
250
_a
1ra.ed.
264
_b
Editorial Noguer, S.A.
942
_c
LIB
999
_c
34304
_d
34304